|
|
|
|
| LEADER |
00000nam0a2200000 4500 |
| 001 |
261100 |
| 005 |
20231101233532.0 |
| 010 |
|
|
|b 500 экз.
|
| 035 |
|
|
|a (RuTPU)RU\TPU\book\284073
|
| 090 |
|
|
|a 261100
|
| 100 |
|
|
|a 20140521d1928 m y0rusy50 ca
|
| 101 |
0 |
|
|a rus
|
| 102 |
|
|
|a RU
|
| 105 |
|
|
|a y g 011zy
|
| 200 |
1 |
|
|a Научные библиотеки Ленинграда
|e материалы для справочника
|f Государственная Публичная Библиотека ; под ред. Инн. Ив. Яковкина
|
| 210 |
|
|
|a Ленинград
|c Издание Государственной Публичной Библиотеки
|d 1928
|
| 215 |
|
|
|a 150 с.
|
| 300 |
|
|
|a Десятилетию Наркомпроса.
|
| 320 |
|
|
|a Список библиотек, прекративших за время революции свое самостоятельное существование: с. 127-136
|
| 320 |
|
|
|a Алфавитный список научных библиотек Ленинграда: с. 137-144
|
| 320 |
|
|
|a Предметный указатель: с. 145-150.
|
| 610 |
1 |
|
|a Ленинград
|
| 610 |
1 |
|
|a Санкт-Петербург
|
| 610 |
1 |
|
|a научные библиотеки
|
| 610 |
1 |
|
|a справочники
|
| 686 |
|
|
|a Я2
|v LBC/SL-A
|2 rubbk
|
| 686 |
|
|
|a Ч743(2)715
|v LBC/SL-A
|2 rubbk
|
| 702 |
|
1 |
|a Яковкин
|b Инн. Ив.
|4 340
|
| 712 |
0 |
2 |
|a Государственная публичная библиотека им. М. Е. Салтыкова-Щедрина (ГПБ)
|c (Ленинград)
|c (1925-1992)
|2 stltpush
|3 (RuTPU)RU\TPU\col\132
|9 23214
|
| 801 |
|
1 |
|a RU
|b 63413507
|c 20140521
|
| 801 |
|
2 |
|a RU
|b 63413507
|c 20140521
|g RCR
|
| 942 |
|
|
|c BK
|